00314 a2200109 4500001000700000020000600007040001100013100005400024240006100078245005600139362000900195171073 a  cMagnum aBanco de Desenvolvimento de Minas Gerais S.d/bdmg10aMinas gerais do seculo xxi/v.1 - o ponto de partidalpor10aMinas gerais do seculo xxi/v.1 - o ponto de partida0 a1899